|
|
|
|
| LEADER |
00000nam a2200000 a 4500 |
| 001 |
UCG7575 |
| 003 |
CL-VaPUC |
| 008 |
110812e20080000SP |||||||||||||||||spa|d |
| 020 |
|
|
|a 9788420691442
|
| 082 |
0 |
4 |
|a 196.1
|b ZUB
|2 21
|
| 100 |
0 |
|
|a Zubiri, Xavier
|e author
|9 216
|
| 245 |
1 |
0 |
|a Sobre la esencia
|
| 250 |
|
|
|a 2a. ed
|
| 300 |
|
|
|a 598 p
|
| 942 |
|
|
|c BK
|
| 945 |
|
|
|d 20110812 00:00:00
|a dcastane
|
| 260 |
|
|
|a Madrid
|b Alianza
|c 2008
|
| 650 |
|
0 |
|a Filosofía española
|9 254895
|
| 650 |
|
0 |
|a Esencia
|9 320003
|
| 650 |
|
0 |
|a Espíritu
|9 315904
|
| 650 |
|
0 |
|a Existencia
|9 347398
|
| 650 |
|
0 |
|a Metafísica
|9 265649
|
| 650 |
|
7 |
|a SUSTANCIA
|2 CL-VaPUC
|9 347403
|
| 583 |
|
|
|a last modification
|c 20110812 00:00:00
|k Rodrigo Vera
|
| 999 |
|
|
|c 345440
|d 345438
|
| 952 |
|
|
|0 0
|1 0
|4 0
|6 196_100000000000000_ZUB_2008
|7 0
|8 A
|9 444160
|a BIBTEO
|b BIBTEO
|d 2019-11-22
|i 4789083
|o 196.1 ZUB 2008
|p 4789083
|r 2025-01-17
|w 2019-11-22
|y BK
|k ICR
|